Score 0/22 Timer 04:00
0 Plays Today
Phrase Demonym % Correct
_____ rouletteRussian
96.6%
'Pardon my _____'French
91.9%
_____ Potato FamineIrish
88.6%
_____ Family RobinsonSwiss
87.7%
_____ Missile CrisisCuban
85.6%
The _____ JobItalian
84.9%
'No one expects the _____ Inquisition'Spanish
84.7%
'Walk Like an _____'Egyptian
84.1%
'The _____ are coming!'British
82.4%
Truth, Justice and the _____ WayAmerican
80.4%
_____ Shepherd DogGerman
80.4%
Phrase Demonym % Correct
Royal _____ Mounted PoliceCanadian
77.9%
_____ jumping beanMexican
75.4%
'It's all _____ to me'Greek
62.2%
The _____ FalconMaltese
60.5%
_____ waxBrazilian
59.7%
_____ ovenDutch
59.2%
Graumann's _____ TheaterChinese
53.7%
_____ DelightTurkish
51.3%
_____ ChefSwedish
44.7%
_____ Man o' WarPortuguese
40.5%
_____ WoodNorwegian
38.8%

Today's Daily Dose

Missing Word
Train Books

Word Ladder
Piano Man

Quick Pick
Google Products

Get the Picture
Moana or Coco

Remove Ads.
Support Sporcle.
Get the best of Sporcle when you Go Orange. This ad-free experience offers more features, more stats, and more fun while also helping to support Sporcle. Thank you for becoming a member.

You're not logged in!

Compare scores with friends on all Sporcle quizzes.
OR
Log In

Show Comments

Extras

Top Quizzes Today


Score Distribution

Your Account Isn't Verified!

In order to create a playlist on Sporcle, you need to verify the email address you used during registration. Go to your Sporcle Settings to finish the process.

Report this User

Report this user for behavior that violates our Community Guidelines.

Details: